000 00371nam a22001097a 4500
082 _a671.36 SOU'A
245 _aSOURCE BOOK ON HEAT TREATING MATERIALS AND PROCESSES A SELECTION OF OUTSTANDING ARTICLES FROM THE PERIODICAL LITERATURE
260 _aUSA
_bAMERICAN SOCIETY FOR METALS
_c1975
300 _aX, 388P VOL-1
650 _aMETALS HEAT TREATMENT
_976721
942 _cBK
999 _c582064
_d582064